000 00447nam a2200181Ia 4500
001 16009
005 20260306170238.0
008 260306t2015||||xx |||||||||||||| ||und||
041 _aESP
082 _a346.52
_bL93
100 _aLovón Sánchez, José Alfredo
_eAUT
245 0 _aLa responsabilidad civil de los jueces
260 _c2015
300 _a262 páginas :
_c24 cm.
650 _aGEN
654 _aCDE
942 _cLIB
_dJUS
_fJUS
_2ddc
_n
999 _c16009
_d16009